Buletin GIS (Record no. 2377)

000 -LEADER
fixed length control field cas a22 a 4500
003 - CONTROL NUMBER IDENTIFIER
control field AKMAL
005 - DATE AND TIME OF LATEST TRANSACTION
control field 20170516113336.0
008 - FIXED-LENGTH DATA ELEMENTS--GENERAL INFORMATION
fixed length control field 170516c19969999my fr0p 0 a0eng d
040 ## - CATALOGING SOURCE
Original cataloging agency AKMAL
082 04 - DEWEY DECIMAL CLASSIFICATION NUMBER
Classification number 526.32595 BUL
Edition number 22
090 00 - LOCALLY ASSIGNED LC-TYPE CALL NUMBER (OCLC); LOCAL CALL NUMBER (RLIN)
Classification number (OCLC) (R) ; Classification number, CALL (RLIN) (NR) 526.32595
Local cutter number (OCLC) ; Book number/undivided call number, CALL (RLIN) BUL
245 00 - TITLE STATEMENT
Title Buletin GIS
260 ## - PUBLICATION, DISTRIBUTION, ETC.
Place of publication, distribution, etc. Kuala Lumpur :
Name of publisher, distributor, etc. Jabatan Ukur dan Pemetaan,
Date of publication, distribution, etc. 1996-
300 ## - PHYSICAL DESCRIPTION
Extent j. :
Other physical details il. wrn. ;
Dimensions 29 cm.
362 0# - DATES OF PUBLICATION AND/OR SEQUENTIAL DESIGNATION
Dates of publication and/or sequential designation Bil. 1 (1996)-
650 10 - SUBJECT ADDED ENTRY--TOPICAL TERM
Topical term or geographic name entry element Maps
General subdivision Periodicals
Geographic subdivision Malaysia
9 (RLIN) 4947
650 20 - SUBJECT ADDED ENTRY--TOPICAL TERM
Topical term or geographic name entry element Map reading
General subdivision Periodicals
Geographic subdivision Malaysia
9 (RLIN) 4948
650 20 - SUBJECT ADDED ENTRY--TOPICAL TERM
Topical term or geographic name entry element Digital mapping
General subdivision Periodicals
9 (RLIN) 4949
650 20 - SUBJECT ADDED ENTRY--TOPICAL TERM
Topical term or geographic name entry element Geographic information systems
Form subdivision Periodicals
9 (RLIN) 4950
710 2# - ADDED ENTRY--CORPORATE NAME
Corporate name or jurisdiction name as entry element Jawatankuasa Pemetaan dan Data Spatial Negara
9 (RLIN) 4951
710 1# - ADDED ENTRY--CORPORATE NAME
Corporate name or jurisdiction name as entry element Malaysia.
Subordinate unit Jabatan Ukur dan Pemetaan.
-- Bahagian Pengeluaran Pemetaan
9 (RLIN) 4952
942 ## - ADDED ENTRY ELEMENTS (KOHA)
Source of classification or shelving scheme
Koha item type Book
Holdings
Withdrawn status Lost status Source of classification or shelving scheme Damaged status Not for loan Collection code Home library Current library Shelving location Date acquired Inventory number Total Checkouts Full call number Barcode Date last seen Price effective from Koha item type
          NON-FICTION AKMAL Melaka AKMAL Melaka PINJAMAN 16.05.2017 000495   526.32595 BUL 201706737 16.05.2017 16.05.2017 Book
Pusat Sumber Maklumat Dato' Haji Sarmin Md Hussin, Akademi Kastam Diraja Malaysia, Melaka
Tel: 06-2331106 | Faks: 06-2313787